000
00224 a2200097 4500
001
22845
100
_a
Daley, J L
245
_a
Principles of Electronic & Electronic Systems
260
_a
_b
U S N I
_c
090
_c
15454
_d
15454
942
_a
NUST-CAE
_c
M
_c
6063
999
_c
257918
_d
257918